| 000 | 00709cam a22002057a 4500 | ||
|---|---|---|---|
| 005 | 20230706153718.0 | ||
| 008 | 140626s2012 gw a 000 0 eng d | ||
| 020 | _a9783836526647 (hbk.) | ||
| 041 | 0 | _aeng | |
| 082 | 0 | 4 |
_a728.9 _223 _bJOB |
| 100 | 1 | _aJodidio, Philip. | |
| 245 | 1 | 0 |
_aTree houses : _bfairy-tale castles in the air / _cPhilip Jodidio ; illustrations by Patrick Hruby. |
| 246 | 1 |
_iParallel title on cover: _aBaumhäuser |
|
| 246 | 1 |
_iParallel title on cover: _aMaisons dans les arbres |
|
| 260 |
_aCologne : _bTaschen, _cc2012. |
||
| 300 |
_a351 p. : _bcol. ill. ; _c35 cm. |
||
| 546 | _aText in English, French and German. | ||
| 650 | 0 |
_aTree houses _vPictorial works. |
|
| 700 | 1 | _aHruby, Patrick. | |
| 999 |
_c9753 _d9753 |
||